|
|
|
|
| LEADER |
00782cam a2200193 7i4500 |
| 001 |
0000002782 |
| 005 |
19991025090000.0 |
| 002 |
##000004051 |
| 020 |
0 |
0 |
|a 967-70-0166-3
|
| 090 |
0 |
0 |
|a M 344.012 52
|b AKT
|
| 245 |
0 |
0 |
|a Akta Pencen 1980: peraturan-peraturan pencen 1990; Akta Kumpulan Wang Simpanan Pekerja 1991
|c disusun semula oleh Penasihat Undang-Undang.
|
| 260 |
0 |
0 |
|a Kuala Lumpur:
|b MDC,
|c 1993.
|
| 300 |
0 |
0 |
|a 267p.
|
| 500 |
0 |
0 |
|a Kaedah-kaedah KWSP 1991, peraturan-peraturan KWSP 1991
|
| 650 |
0 |
0 |
|a Poisons --
|x Law and regulation --
|z Malaysia
|
| 650 |
0 |
0 |
|a Pension trust --
|x Law and legislation --
|z Malaysia
|
| 710 |
2 |
1 |
|a Penasihat Undang-Undang
|
| 999 |
|
|
|a 000004245
|b Book
|c Open shelf
|e Business Information Centre
|
| 999 |
|
|
|a 000004244
|b Book
|c Open shelf
|e Business Information Centre
|